Catálogo

Vista normal Vista MARC

Entrada Personal Name

Número de registros utilizados en: 1

001 - CONTROL NUMBER

  • control field: 15468

003 - CONTROL NUMBER IDENTIFIER

  • control field: Mx-PuUPA

005 - DATE AND TIME OF LATEST TRANSACTION

  • control field: 20240304105303.0

008 - FIXED-LENGTH DATA ELEMENTS

  • fixed length control field: 240304|| aca||aabn | a|a d

040 ## - CATALOGING SOURCE

  • Original cataloging agency: Mx-PuUPA
  • Language of cataloging: spa
  • Transcribing agency: Mx-PuUPA
  • Modifying agency: Mx-PuUPA
  • Description conventions: rda

046 ## - SPECIAL CODED DATES

  • Birth date: 1959

100 1# - HEADING--PERSONAL NAME

  • Personal name: Escobar Torres, Jorge,
  • Dates associated with a name: 1959-

370 ## - ASSOCIATED PLACE

  • Place of birth: Jalisco, México

374 ## - OCCUPATION

  • Occupation: Autor
  • Occupation: Licenciado en Psicología
  • Start period: Maestría en Educación Especial

375 ## - GENDER

  • Gender: hombre

377 ## - ASSOCIATED LANGUAGE

  • Language code: spa

400 1# - SEE FROM TRACING--PERSONAL NAME

  • Personal name: Torres, Jorge Escobar

670 ## - SOURCE DATA FOUND

  • Source citation: Un paradigma integral para la calidad de la educación, 2007:
  • Information found: t.p. (Jorge Escobar Torres) portada